Accounting for special transaction (advanced accounting 1) / (Record no. 2185)

MARC details
000 -LEADER
fixed length control field 00675nam a22002177a 4500
003 - CONTROL NUMBER IDENTIFIER
control field OSt
005 - DATE AND TIME OF LATEST TRANSACTION
control field 20240715060349.0
008 - FIXED-LENGTH DATA ELEMENTS--GENERAL INFORMATION
fixed length control field 240715b |||||||| |||| 00| 0 eng d
020 ## - INTERNATIONAL STANDARD BOOK NUMBER
International Standard Book Number 9786218029125
040 ## - CATALOGING SOURCE
Original cataloging agency DWCL-Main Lib.
Transcribing agency OC
082 ## - DEWEY DECIMAL CLASSIFICATION NUMBER
Classification number 657.838 M45a 2022
006 - FIXED-LENGTH DATA ELEMENTS--ADDITIONAL MATERIAL CHARACTERISTICS
fixed length control field a
100 ## - MAIN ENTRY--PERSONAL NAME
Personal name Millan , Zeus Vernon B
245 ## - TITLE STATEMENT
Title Accounting for special transaction (advanced accounting 1) /
Statement of responsibility, etc. Zeus Vernon B. Millan
250 ## - EDITION STATEMENT
Edition statement 2022 edition
260 ## - PUBLICATION, DISTRIBUTION, ETC.
Place of publication, distribution, etc. Baguio City :
Name of publisher, distributor, etc. Bandolin enterprise,
Date of publication, distribution, etc. c2022.
300 ## - PHYSICAL DESCRIPTION
Extent xvi, 598 pages :
Other physical details illustrations ;
Dimensions 22cm.
650 ## - SUBJECT ADDED ENTRY--TOPICAL TERM
Topical term or geographic name entry element 1. Accounting
650 ## - SUBJECT ADDED ENTRY--TOPICAL TERM
Topical term or geographic name entry element 2. Transportation– Accounting
942 ## - ADDED ENTRY ELEMENTS (KOHA)
Source of classification or shelving scheme Dewey Decimal Classification
Koha item type Book-Filipiniana
Call number prefix Fil.
Suppress in OPAC Yes

No items available.